UBT Library

The philosophy of Descartes, (Record no. 39948)

000 -LEADER
fixed length control field 00513cam a22002051 4500
001 - CONTROL NUMBER
control field 1697708
005 - DATE AND TIME OF LATEST TRANSACTION
control field 20180109081146.0
008 - FIXED-LENGTH DATA ELEMENTS--GENERAL INFORMATION
fixed length control field 740625r19671932nyu b 000 0beng
010 ## - LIBRARY OF CONGRESS CONTROL NUMBER
LC control number 66027079
040 ## - CATALOGING SOURCE
Original cataloging agency DLC
Transcribing agency DLC
Modifying agency DLC
041 ## - LANGUAGE CODE
Language code of text/sound track or separate title eng
080 ## - UNIVERSAL DECIMAL CLASSIFICATION NUMBER
Universal Decimal Classification number 194 GIB
082 00 - DEWEY DECIMAL CLASSIFICATION NUMBER
Classification number 194 GIB
100 1# - Rafti
Rafti 24
101 ## - Shkurtesa
Shkurtesa FIL
245 14 - TITLE STATEMENT
Title The philosophy of Descartes,
Statement of responsibility, etc by A. Boyce Gibson.
504 ## - BIBLIOGRAPHY, ETC. NOTE
Bibliography, etc Bibliographical footnotes.
906 ## - LOCAL DATA ELEMENT F, LDF (RLIN)
a 7
b cbc
c orignew
d u
e ocip
f 19
g y-gencatlg
942 ## - ADDED ENTRY ELEMENTS (KOHA)
Source of classification or shelving scheme
Item type Books
Holdings
Withdrawn status Lost status Source of classification or shelving scheme Damaged status Not for loan Collection code Permanent location Current location Shelving location Date acquired Total Checkouts Full call number Barcode Date last seen Price effective from Koha item type
          Koleksioni i përgjithshem UBT - Lipjan UBT - Lipjan Koleksioni i përgjithshem 01/09/2018   194 GIB 002-2995161 01/09/2018 01/09/2018 Books
UBT Library © 2015-2024. All rights reserved University Education for Business and Technology